000
00328nam a2200133Ia 4500
008
210210b1971 xxu||||| |||| 00| 0 eng d
082
_a
823.914 SABC
100
_a
SABATINI (Rafael).
245
_a
Captain blood.
260
_a
London
_b
Macmillan & Co. Ltd.
_c
1971
300
_a
132
690
_a
English Fiction
906
_a
030526
999
_c
81665
_d
81665